000 00623nam a2200241Ia 4500
005 20240423092009.0
008 131103s9999 xx 000 0 und d
020 _a9.79E+12
_cRs.200.00
040 _aLoreto College
041 _aEnglish
082 _a519.5
_bDE
100 _aDe,S.K.
245 _aMathematical statistics
_cS.K.De and S.Sen
250 _aRev.4th ed.
260 _aKolkata
_bU.N.Dhur
_c2009
300 _avii,401p
504 _aIncludes bibliographical references and index
650 _aMathematical statistics
651 _aStatistics
700 _aSen,S.
850 _aLCLIB
942 _cBK
999 _c38724
_d89203